[Event "SVK-chT 2122"]
[Site "Slovakia"]
[Date "2022.05.07"]
[Round "7.6"]
[White "Nguyen, Piotr"]
[Black "Harasta, Igor"]
[Result "1-0"]
[WhiteElo "2397"]
[BlackElo "2105"]
[PlyCount "85"]
[EventDate "2021.10.23"]
[EventType "team-tourn"]
[EventRounds "11"]
[EventCountry "SVK"]
[SourceTitle "EXT 2023"]
[Source "ChessBase"]
[SourceDate "2022.10.05"]
[SourceVersion "1"]
[SourceVersionDate "2022.10.05"]
[SourceQuality "1"]
[WhiteTeam "Prakovce"]
[BlackTeam "Zilina Mladost"]
[WhiteTeamCountry "SVK"]
[BlackTeamCountry "SVK"]

1. d4 Nf6 2. Bg5 g6 3. Bxf6 exf6 4. e3 Bg7 5. g3 d6 6. Bg2 0-0 7. Ne2 f5 8. c4 Nd7 9. Nbc3 c6 10. 0-0 Nf6 11. b4 Qc7 12. Qd3 Re8 13. Rab1 Bd7 14. Rfd1 Rad8 15. d5 cxd5 16. Nxd5 Nxd5 17. Bxd5 Be6 18. h4 Be5 19. Rbc1 Qb6 20. a3 Qa6 21. Qb3 Qb6 22. Rd2 a5 23. Rcd1 axb4 24. axb4 Ra8 25. Bxe6 Rxe6 26. Nd4 Bxd4 27. Rxd4 Qc6 28. Rd5 Rc8 29. R1d4 Kf8 30. h5 Ke7 31. c5 dxc5 32. Rxc5 Qe8 33. Qd5 Rcc6 34. Rxc6 bxc6 35. Qc5+ Kf6 36. Qc3 Ke7 37. Qc5+ Kf6 38. Qc3 Ke7 39. Qa3 Kf6 40. Qa1 Ke7 41. Qa7+ Kf8 42. h6 Re7 43. Qb6 1-0

[Event "SVK-chT2C 1920"]
[Site "Slovakia"]
[Date "2019.12.14"]
[Round "5.3"]
[White "Miciak, Maros"]
[Black "Harasta, Igor"]
[Result "1/2-1/2"]
[WhiteElo "2109"]
[BlackElo "2093"]
[PlyCount "37"]
[EventDate "2019.10.26"]
[EventType "team-tourn"]
[EventRounds "11"]
[EventCountry "SVK"]
[SourceTitle "CBM 194 Extra"]
[Source "ChessBase"]
[SourceDate "2020.03.31"]
[SourceVersion "1"]
[SourceVersionDate "2020.03.31"]
[SourceQuality "1"]
[WhiteTeam "Zilina Mladost III"]
[BlackTeam "Zilina Mladost II"]
[WhiteTeamCountry "SVK"]
[BlackTeamCountry "SVK"]

1. e4 c5 2. Nf3 d6 3. d4 cxd4 4. Nxd4 Nf6 5. Nc3 a6 6. Be2 e6 7. Be3 b5 8. f3 Bb7 9. a4 b4 10. Na2 d5 11. e5 Nfd7 12. f4 Nc6 13. Nxc6 Bxc6 14. 0-0 Be7 15. c3 bxc3 16. Nxc3 0-0 17. Kh1 Re8 18. Qe1 Rb8 19. Bxa6 1/2-1/2

[Event "SVK-chT1E 1617"]
[Site "Slovakia"]
[Date "2017.02.26"]
[Round "9.4"]
[White "Harasta, Igor"]
[Black "Koval, Maros"]
[Result "1-0"]
[WhiteElo "2102"]
[BlackElo "2117"]
[PlyCount "92"]
[EventDate "2016.10.15"]
[EventType "team-tourn"]
[EventRounds "11"]
[EventCountry "SVK"]
[SourceTitle "EXT 2018"]
[Source "ChessBase"]
[SourceDate "2017.10.13"]
[SourceVersion "1"]
[SourceVersionDate "2017.10.13"]
[SourceQuality "1"]
[WhiteTeam "Zilina Mladost"]
[BlackTeam "Margecany Eltra"]
[WhiteTeamCountry "SVK"]
[BlackTeamCountry "SVK"]

1. Nf3 d5 2. c4 c6 3. b3 d4 4. Bb2 c5 5. b4 Nc6 6. b5 Na5 7. d3 Qc7 8. g3 e5 9. e4 g6 10. Bg2 h5 11. h4 Bh6 12. Bc1 b6 13. Bd2 Nb7 14. a4 a6 15. bxa6 Rxa6 16. Na3 Bxd2+ 17. Nxd2 Ne7 18. Nb5 Qb8 19. 0-0 Nc6 20. f4 Nb4 21. Nf3 exf4 22. Qd2 fxg3 23. Ng5 Nd8 24. e5 0-0 25. Nd6 Ra7 26. Nge4 f5 27. exf6 Nf7 28. Nxf7 Rfxf7 29. Qg5 Bg4 30. Qxg6+ Kh8 31. Ng5 Qf8 32. Rae1 Nc2 33. Nxf7+ Rxf7 34. Bd5 g2 35. Rf2 Nxe1 36. Qxf7 Qxf7 37. Bxf7 Nxd3 38. Rxg2 Ne5 39. Bd5 Kh7 40. Rf2 d3 41. f7 Nd7 42. Be4+ Kg7 43. Bxd3 Nf8 44. Be4 Nd7 45. Bf5 Bxf5 46. Rxf5 Nf8 1-0

[Event "SVK-chT1E 1516"]
[Site "Slovakia"]
[Date "2016.01.23"]
[Round "7.7"]
[White "Balazs, Ladislav"]
[Black "Harasta, Igor"]
[Result "1-0"]
[WhiteElo "2068"]
[BlackElo "2128"]
[PlyCount "37"]
[EventDate "2015.10.24"]
[EventType "team-tourn"]
[EventRounds "11"]
[EventCountry "SVK"]
[SourceTitle "CBM 170 Extra"]
[Source "ChessBase"]
[SourceDate "2016.02.25"]
[SourceVersion "1"]
[SourceVersionDate "2016.02.25"]
[SourceQuality "1"]
[WhiteTeam "Jelsava Magnezit"]
[BlackTeam "Zilina Mladost"]
[WhiteTeamCountry "SVK"]
[BlackTeamCountry "SVK"]

1. e4 c5 2. Nf3 d6 3. d4 cxd4 4. Nxd4 Nf6 5. Nc3 a6 6. h3 e6 7. Be3 Be7 8. g4 b5 9. Bg2 Bb7 10. g5 Nfd7 11. Qh5 0-0 12. 0-0 Re8 13. f4 Bf8 14. Rad1 Qc7 15. f5 g6 16. fxe6 fxe6 17. Qg4 Ne5 18. Qxe6+ Rxe6 19. Rxf8+ 1-0

[Event "SVK-chT1E 1516"]
[Site "Slovakia"]
[Date "2015.12.12"]
[Round "5.1"]
[White "Prielozny, Eduard"]
[Black "Harasta, Igor"]
[Result "0-1"]
[WhiteElo "1897"]
[BlackElo "2128"]
[PlyCount "74"]
[EventDate "2015.10.24"]
[EventType "team-tourn"]
[EventRounds "11"]
[EventCountry "SVK"]
[SourceTitle "CBM 170 Extra"]
[Source "ChessBase"]
[SourceDate "2016.02.25"]
[SourceVersion "1"]
[SourceVersionDate "2016.02.25"]
[SourceQuality "1"]
[WhiteTeam "Zilina Mladost II"]
[BlackTeam "Zilina Mladost"]
[WhiteTeamCountry "SVK"]
[BlackTeamCountry "SVK"]

1. e4 c5 2. Nf3 d6 3. Bc4 Nf6 4. d3 Nc6 5. 0-0 e6 6. Bg5 Be7 7. Nc3 0-0 8. Re1 a6 9. a4 b6 10. d4 cxd4 11. Nxd4 Bb7 12. Nxc6 Bxc6 13. Qe2 Nxe4 14. Bxe7 Nxc3 15. bxc3 Qxe7 16. Bxa6 Qg5 17. f3 Bxf3 18. Qxf3 Qc5+ 19. Kh1 Rxa6 20. Red1 d5 21. Qd3 Rfa8 22. Qg3 Rxa4 23. Rxa4 Rxa4 24. Qb8+ Qf8 25. Qxb6 h6 26. h3 Rc4 27. Rd3 Qc5 28. Qd8+ Qf8 29. Qd7 Qc8 30. Qe7 Rc7 31. Qb4 Rb7 32. Qd4 Qb8 33. g4 Rb1+ 34. Kg2 Ra1 35. Rd2 Qb1 36. Kg3 Qe1+ 37. Rf2 Ra3 0-1

[Event "SVK-chT1E 1516"]
[Site "Slovakia"]
[Date "2015.10.25"]
[Round "2.8"]
[White "Harasta, Igor"]
[Black "Paulina, Pavol"]
[Result "1-0"]
[WhiteElo "2128"]
[BlackElo "1953"]
[PlyCount "103"]
[EventDate "2015.10.24"]
[EventType "team-tourn"]
[EventRounds "11"]
[EventCountry "SVK"]
[SourceTitle "CBM 169 Extra"]
[Source "ChessBase"]
[SourceDate "2015.12.18"]
[SourceVersion "1"]
[SourceVersionDate "2015.12.18"]
[SourceQuality "1"]
[WhiteTeam "Zilina Mladost"]
[BlackTeam "Michalovce Zemplin"]
[WhiteTeamCountry "SVK"]
[BlackTeamCountry "SVK"]

1. Nf3 d5 2. c4 c6 3. b3 Nf6 4. Bb2 e6 5. e3 g6 6. Be2 Bg7 7. 0-0 0-0 8. d3 Nbd7 9. Nbd2 b6 10. Rc1 Bb7 11. Qc2 Rc8 12. Qb1 Qe7 13. Rfe1 Rfd8 14. Qa1 Ne8 15. Bxg7 Nxg7 16. d4 Ne8 17. e4 dxe4 18. Nxe4 Nef6 19. Nc3 Qd6 20. Rcd1 Qc7 21. Qc1 Kg7 22. Qb2 Kg8 23. Bf1 Qb8 24. Rd3 Qf4 25. Red1 Qc7 26. Qd2 Ba6 27. Ng5 Kg7 28. Rf3 h6 29. Nge4 Bb7 30. Qe3 Ng4 31. Qf4 Qxf4 32. Rxf4 Ngf6 33. Nd6 Rc7 34. b4 e5 35. Nxb7 Rxb7 36. dxe5 Ng8 37. Rfd4 Ne7 38. g4 Kf8 39. Ne4 Ng8 40. f4 Ke7 41. Rd6 Rc7 42. g5 hxg5 43. fxg5 Rb8 44. e6 Ne5 45. exf7 Kxf7 46. Bh3 Ne7 47. Rf6+ Kg7 48. Nd6 Ng8 49. Re6 Re7 50. Kg2 Rf8 51. Rxe7+ Nxe7 52. Re1 1-0

[Event "SVK-chT1E 1415"]
[Site "Slovakia"]
[Date "2015.03.01"]
[Round "9.5"]
[White "Harasta, Igor"]
[Black "Balazs, Ladislav"]
[Result "1-0"]
[WhiteElo "2111"]
[BlackElo "2003"]
[PlyCount "79"]
[EventDate "2014.10.18"]
[EventType "team-tourn"]
[EventRounds "11"]
[EventCountry "SVK"]
[SourceTitle "EXT 2016"]
[Source "ChessBase"]
[SourceDate "2015.10.08"]
[SourceVersion "1"]
[SourceVersionDate "2015.10.08"]
[SourceQuality "1"]
[WhiteTeam "Zilina"]
[BlackTeam "Kosice Slavia"]
[WhiteTeamCountry "SVK"]
[BlackTeamCountry "SVK"]

1. Nf3 c5 2. g3 Nc6 3. Bg2 d5 4. 0-0 e5 5. d3 Nf6 6. Nbd2 Be7 7. e4 dxe4 8. dxe4 Bg4 9. h3 Bh5 10. c3 Qc7 11. Qe2 0-0 12. g4 Bg6 13. Nh4 a6 14. Nf5 b5 15. Nf3 Rad8 16. N3h4 c4 17. a4 Rd3 18. axb5 axb5 19. Ra6 Bc5 20. b4 Bxb4 21. Rxc6 Qxc6 22. cxb4 Kh8 23. Be3 Rfd8 24. Ne7 Qa6 25. Nhf5 Ng8 26. Nd5 Bxf5 27. gxf5 Nf6 28. f4 Nxd5 29. exd5 Qh6 30. Bc5 exf4 31. Qe7 Rg8 32. Qxf7 c3 33. Re1 Re3 34. Bxe3 fxe3 35. Qc7 Qf6 36. Rxe3 Qd4 37. Qxc3 Qa7 38. Kh2 Qd7 39. Qe5 Qf7 40. d6 1-0

[Event "SVK-chT1E 1415"]
[Site "Slovakia"]
[Date "2014.11.30"]
[Round "4.4"]
[White "Harasta, Igor"]
[Black "Holecko, Rastislav"]
[Result "1/2-1/2"]
[WhiteElo "2111"]
[BlackElo "2264"]
[PlyCount "183"]
[EventDate "2014.10.18"]
[EventType "team-tourn"]
[EventRounds "11"]
[EventCountry "SVK"]
[SourceTitle "EXT 2016"]
[Source "ChessBase"]
[SourceDate "2015.10.08"]
[SourceVersion "1"]
[SourceVersionDate "2015.10.08"]
[SourceQuality "1"]
[WhiteTeam "Zilina"]
[BlackTeam "Michalovce Zemplin"]
[WhiteTeamCountry "SVK"]
[BlackTeamCountry "SVK"]

1. Nf3 Nf6 2. g3 g6 3. Bg2 Bg7 4. 0-0 0-0 5. c4 c5 6. Nc3 d5 7. cxd5 Nxd5 8. Nxd5 Qxd5 9. d3 Nc6 10. a3 Qd7 11. Qc2 b6 12. Be3 Bb7 13. Rfc1 Rac8 14. Rab1 h6 15. Qd1 Nd4 16. Nxd4 cxd4 17. Bd2 Bxg2 18. Kxg2 e5 19. Qb3 Kh7 20. Kg1 h5 21. Rxc8 Rxc8 22. Rc1 Rxc1+ 23. Bxc1 h4 24. Qc4 f5 25. f3 hxg3 26. hxg3 b5 27. Qc5 e4 28. Bg5 exf3 29. exf3 Qe6 30. Qe7 Qc6 31. Kf2 Qc2+ 32. Qe2 Qb1 33. g4 a5 34. Kg3 Qg1+ 35. Kh3 b4 36. axb4 axb4 37. b3 fxg4+ 38. fxg4 Qb1 39. Be7 Qxb3 40. Qd2 Qd5 41. Bxb4 Qf3+ 42. Kh2 Be5+ 43. Kg1 Qxg4+ 44. Qg2 Qd7 45. Qe4 Bg7 46. Qh1+ Kg8 47. Qa8+ Kf7 48. Qa2+ Qe6 49. Qa7+ Kg8 50. Qb8+ Kh7 51. Qh2+ Bh6 52. Qc7+ Kg8 53. Qd8+ Kf7 54. Qc7+ Kf6 55. Qd6 Qxd6 56. Bxd6 Kf5 57. Kg2 Bg7 58. Kf3 g5 59. Bb4 g4+ 60. Kg2 Be5 61. Ba5 Ke6 62. Be1 Kd5 63. Bb4 Kc6 64. Be1 Kb5 65. Bf2 Kc5 66. Be1 Kd5 67. Bb4 Bf4 68. Bf8 Ke6 69. Bg7 Be5 70. Bf8 Kf5 71. Bh6 Kg6 72. Bd2 Kh5 73. Bc1 Kh4 74. Bh6 g3 75. Bc1 Kg4 76. Bb2 Bg7 77. Ba3 Be5 78. Bb2 Kf4 79. Bc1+ Kf5 80. Bb2 Kg4 81. Ba3 Bf4 82. Bc5 Be3 83. Bd6 Bf2 84. Bf8 Kf4 85. Bh6+ Ke5 86. Kf3 Kd5 87. Bf8 Kc6 88. Bg7 Kc5 89. Bf8+ Kb5 90. Bg7 Kb4 91. Bxd4 Bxd4 92. Kxg3 1/2-1/2

[Event "SVK-chT1E 1314"]
[Site "Slovakia"]
[Date "2013.12.14"]
[Round "5.5"]
[White "Saga, Vladimir"]
[Black "Harasta, Igor"]
[Result "0-1"]
[WhiteElo "2032"]
[BlackElo "2121"]
[PlyCount "62"]
[EventDate "2013.10.12"]
[EventType "team-tourn"]
[EventRounds "11"]
[EventCountry "SVK"]
[SourceTitle "EXT 2015"]
[Source "ChessBase"]
[SourceDate "2014.11.20"]
[SourceVersion "1"]
[SourceVersionDate "2014.11.20"]
[SourceQuality "1"]
[WhiteTeam "Kysucke Nove Mesto"]
[BlackTeam "Zilina Mladost"]
[WhiteTeamCountry "SVK"]
[BlackTeamCountry "SVK"]

1. e4 c5 2. Nf3 d6 3. d4 cxd4 4. Nxd4 Nf6 5. Nc3 a6 6. h3 e6 7. Be3 b5 8. a3 Bb7 9. f3 Nbd7 10. Be2 Be7 11. 0-0 0-0 12. Qe1 Re8 13. Rd1 Qc7 14. Qf2 Rac8 15. g4 Ne5 16. Bf4 Nc4 17. Ndxb5 axb5 18. Nxb5 Qa5 19. Bxc4 Rxc4 20. Nxd6 Bxd6 21. Bxd6 Rec8 22. c3 h5 23. Bg3 hxg4 24. hxg4 Rd8 25. b4 Qa8 26. Bh4 Rxd1 27. Rxd1 Rxc3 28. Bxf6 gxf6 29. Qh4 Rxf3 30. Rd2 Bxe4 31. b5 Qa7+ 0-1

[Event "SVK-chT1E 1314"]
[Site "Slovakia"]
[Date "2013.11.17"]
[Round "4.5"]
[White "Krak, Tomas"]
[Black "Harasta, Igor"]
[Result "1-0"]
[WhiteElo "2301"]
[BlackElo "2121"]
[PlyCount "45"]
[EventDate "2013.10.12"]
[EventType "team-tourn"]
[EventRounds "11"]
[EventCountry "SVK"]
[SourceTitle "EXT 2015"]
[Source "ChessBase"]
[SourceDate "2014.11.20"]
[SourceVersion "1"]
[SourceVersionDate "2014.11.20"]
[SourceQuality "1"]
[WhiteTeam "Prakovce"]
[BlackTeam "Zilina Mladost"]
[WhiteTeamCountry "SVK"]
[BlackTeamCountry "SVK"]

1. e4 c5 2. Nc3 Nc6 3. Nf3 d6 4. d4 cxd4 5. Nxd4 Nf6 6. Bg5 e6 7. Bb5 Qc7 8. Qf3 Nd7 9. 0-0-0 a6 10. Bxc6 bxc6 11. Rhe1 Bb7 12. Qh3 Nb6 13. f4 Be7 14. Bxe7 Qxe7 15. Nf5 exf5 16. exf5 Nd5 17. Nxd5 cxd5 18. Rxe7+ Kxe7 19. Re1+ Kd8 20. Qe3 Kc7 21. Qe7+ Kc6 22. Re3 d4 23. Rb3 1-0

[Event "Zilina Region-ch"]
[Site "Zilina"]
[Date "2013.05.18"]
[Round "3"]
[White "Hrstka, Samuel"]
[Black "Harasta, Igor"]
[Result "0-1"]
[WhiteElo "1800"]
[BlackElo "2115"]
[PlyCount "82"]
[EventDate "2013.05.17"]
[EventType "swiss"]
[EventRounds "6"]
[EventCountry "SVK"]
[SourceTitle "CBM 154 Extra"]
[Source "ChessBase"]
[SourceDate "2013.06.25"]
[SourceVersion "2"]
[SourceVersionDate "2013.06.25"]
[SourceQuality "1"]

1. e4 c5 2. Nf3 d6 3. d4 cxd4 4. Nxd4 Nf6 5. Nc3 a6 6. Be3 e5 7. Nb3 Be7 8. f3 0-0 9. Qd2 b5 10. Nd5 Nbd7 11. 0-0-0 Nxd5 12. Qxd5 Rb8 13. g4 Bb7 14. Qd2 Qc7 15. Kb1 Rfc8 16. h4 b4 17. g5 a5 18. Nc1 Nf8 19. Bh3 Rd8 20. Qf2 Ba8 21. h5 d5 22. exd5 Rxd5 23. Rxd5 Bxd5 24. Rd1 Qc4 25. f4 Ne6 26. Bf1 Qc6 27. f5 Nxg5 28. Qd2 Bf3 29. Be2 Bxe2 30. Qxe2 h6 31. Bxg5 Bxg5 32. Qxe5 Rc8 33. Qe2 a4 34. Nd3 Qc4 35. Qg2 a3 36. Ne5 Qf4 37. Qe2 Re8 38. Re1 Bf6 39. Qf3 Qd4 40. c3 bxc3 41. bxc3 Qb6+ 0-1

[Event "SVK-chT1E 1213"]
[Site "Slovakia"]
[Date "2012.10.21"]
[Round "2.5"]
[White "Harasta, Igor"]
[Black "Kral, Peter"]
[Result "0-1"]
[WhiteElo "2148"]
[BlackElo "2182"]
[PlyCount "92"]
[EventDate "2012.10.20"]
[EventType "team-tourn"]
[EventRounds "11"]
[EventCountry "SVK"]
[SourceTitle "EXT 2014"]
[Source "ChessBase"]
[SourceDate "2013.11.20"]
[SourceVersion "1"]
[SourceVersionDate "2013.11.20"]
[SourceQuality "1"]
[WhiteTeam "Zilina Mladost"]
[BlackTeam "Filakovo"]
[WhiteTeamCountry "SVK"]
[BlackTeamCountry "SVK"]

1. Nf3 d5 2. c4 e6 3. g3 Nf6 4. Bg2 Be7 5. 0-0 0-0 6. b3 c5 7. Bb2 b6 8. d3 Bb7 9. Nbd2 Nbd7 10. cxd5 Nxd5 11. e4 Nb4 12. Nc4 b5 13. Na3 Qb6 14. Qe2 a6 15. Nc2 Nxc2 16. Qxc2 Rac8 17. Qe2 Rfd8 18. Rfd1 Nf6 19. Ne5 Nd7 20. d4 Nxe5 21. dxe5 c4 22. bxc4 Rxc4 23. Rxd8+ Qxd8 24. Rd1 Qc7 25. h4 g6 26. h5 Kg7 27. Kh2 Bb4 28. Qf3 Be7 29. Qf4 g5 30. h6+ Kg6 31. Qg4 Kxh6 32. Bf3 Kg7 33. Kg2 h6 34. Rd6 a5 35. Bd4 a4 36. Be2 Rxd4 37. Rxd4 Qxe5 38. Rd7 Bxe4+ 39. Bf3 Bf5 40. Qh5 Bg6 41. Qh1 Bc5 42. Qd1 b4 43. Rd2 Qc3 44. Qe2 b3 45. Bc6 Bb4 46. Rd8 Qxc6+ 0-1

[Event "Zilina Region-ch"]
[Site "Zilina"]
[Date "2012.05.06"]
[Round "6"]
[White "Harasta, Igor"]
[Black "Bakalar, Jan"]
[Result "1/2-1/2"]
[WhiteElo "2137"]
[BlackElo "2024"]
[PlyCount "91"]
[EventDate "2012.05.04"]
[EventType "swiss"]
[EventRounds "7"]
[EventCountry "SVK"]
[SourceTitle "CBM 148 Extra"]
[Source "ChessBase"]
[SourceDate "2012.06.22"]
[SourceVersion "1"]
[SourceVersionDate "2012.06.22"]
[SourceQuality "1"]

1. e4 c5 2. c3 d5 3. exd5 Qxd5 4. d4 Nf6 5. Nf3 e6 6. Be2 Be7 7. 0-0 cxd4 8. Nxd4 0-0 9. Bf3 Qd8 10. Qe2 a6 11. Rd1 Qc7 12. c4 e5 13. Nc2 Be6 14. b3 Nbd7 15. Bb2 Rac8 16. Nc3 Bc5 17. Rac1 Rfe8 18. Nd5 Bxd5 19. Bxd5 Nb6 20. b4 Nbxd5 21. cxd5 Bd6 22. Ne3 Qb8 23. Rxc8 Qxc8 24. a3 b5 25. Rc1 Qd7 26. Qc2 Bb8 27. g3 Ba7 28. Rd1 Bxe3 29. fxe3 Ng4 30. Qd3 Qd6 31. Qe2 Nh6 32. e4 Rc8 33. Rc1 Rxc1+ 34. Bxc1 f6 35. Be3 Qd7 36. Bc5 g6 37. Qd1 Kg7 38. d6 Nf7 39. Qd5 f5 40. Kg2 fxe4 41. Qxe4 Qe6 42. Qc6 Qa2+ 43. Bf2 Qe6 44. Bc5 Qa2+ 45. Bf2 Qe6 46. Bc5 1/2-1/2

[Event "Zilina Region-ch"]
[Site "Zilina"]
[Date "2012.05.06"]
[Round "7"]
[White "Murin, Pavol"]
[Black "Harasta, Igor"]
[Result "1/2-1/2"]
[WhiteElo "2017"]
[BlackElo "2137"]
[PlyCount "79"]
[EventDate "2012.05.04"]
[EventType "swiss"]
[EventRounds "7"]
[EventCountry "SVK"]
[SourceTitle "CBM 148 Extra"]
[Source "ChessBase"]
[SourceDate "2012.06.22"]
[SourceVersion "1"]
[SourceVersionDate "2012.06.22"]
[SourceQuality "1"]

1. d4 Nf6 2. c4 g6 3. Nc3 Bg7 4. e4 d6 5. f4 0-0 6. Nf3 c5 7. d5 e6 8. Be2 exd5 9. cxd5 Nbd7 10. e5 dxe5 11. fxe5 Ng4 12. e6 Nde5 13. exf7+ Nxf7 14. h3 Nge5 15. Be3 Nxf3+ 16. Bxf3 Re8 17. Kf2 Qh4+ 18. g3 Qb4 19. Qd2 Nd6 20. a3 Qa5 21. Bf4 Nc4 22. Qc2 Nxb2 23. Qxb2 Bxc3 24. Qb3 Bd4+ 25. Kg2 Kh8 26. Rad1 Qb6 27. Qa4 Bf5 28. Rhe1 Qb2+ 29. Rd2 b5 30. Rxe8+ Rxe8 31. Rxb2 bxa4 32. Rb7 Re1 33. Rxa7 Rg1+ 34. Kh2 Rf1 35. Ra8+ Kg7 36. Ra7+ Kf6 37. Ra6+ Kf7 38. Ra7+ Kf6 39. Ra6+ Kf7 40. Ra7+ 1/2-1/2

[Event "Zilina Region-ch"]
[Site "Zilina"]
[Date "2012.05.05"]
[Round "4"]
[White "Harasta, Igor"]
[Black "Gazo, Daniel"]
[Result "1-0"]
[WhiteElo "2137"]
[BlackElo "1721"]
[PlyCount "29"]
[EventDate "2012.05.04"]
[EventType "swiss"]
[EventRounds "7"]
[EventCountry "SVK"]
[SourceTitle "CBM 148 Extra"]
[Source "ChessBase"]
[SourceDate "2012.06.22"]
[SourceVersion "1"]
[SourceVersionDate "2012.06.22"]
[SourceQuality "1"]

1. e4 c5 2. c3 Nc6 3. d4 cxd4 4. cxd4 d5 5. exd5 Qxd5 6. Nf3 Bg4 7. Be2 Nf6 8. Nc3 Qd7 9. d5 Bxf3 10. gxf3 a6 11. dxc6 Qxc6 12. Bf4 e6 13. Rc1 Bb4 14. 0-0 Rd8 15. Qb3 1-0

[Event "Zilina Region-ch"]
[Site "Zilina"]
[Date "2012.05.05"]
[Round "2"]
[White "Harasta, Igor"]
[Black "Hlavac, Peter"]
[Result "1-0"]
[WhiteElo "2137"]
[BlackElo "2008"]
[PlyCount "79"]
[EventDate "2012.05.04"]
[EventType "swiss"]
[EventRounds "7"]
[EventCountry "SVK"]
[SourceTitle "CBM 148 Extra"]
[Source "ChessBase"]
[SourceDate "2012.06.22"]
[SourceVersion "1"]
[SourceVersionDate "2012.06.22"]
[SourceQuality "1"]

1. e4 Nc6 2. Nf3 g6 3. Nc3 Bg7 4. d4 d6 5. d5 Ne5 6. Nxe5 dxe5 7. Be3 Nf6 8. Be2 0-0 9. 0-0 Ne8 10. Qd2 f5 11. exf5 gxf5 12. f4 e4 13. Bc4 Nd6 14. Bb3 Bd7 15. Bd4 Rf7 16. a4 Qe8 17. Be5 Kh8 18. Ne2 Qg8 19. c4 b6 20. a5 Bf6 21. Qd4 Qg7 22. Ng3 Rg8 23. Rf2 Ne8 24. axb6 axb6 25. Bd1 Qh6 26. b4 Rfg7 27. Nh5 Rg6 28. Ra3 Ng7 29. Nxf6 exf6 30. Bxc7 b5 31. c5 Ne8 32. Bb6 Qh4 33. Qd2 Rh6 34. g3 Qh3 35. c6 Bc8 36. d6 Nxd6 37. Qxd6 Rh4 38. Qxf6+ Rg7 39. Qf8+ Rg8 40. Bd4# 1-0

[Event "SVK-chT1E 1112"]
[Site "Slovakia"]
[Date "2012.03.03"]
[Round "10.5"]
[White "Harasta, Igor"]
[Black "Dujava, Daniel"]
[Result "1-0"]
[WhiteElo "2099"]
[BlackElo "1823"]
[PlyCount "83"]
[EventDate "2011.10.15"]
[EventType "team-tourn"]
[EventRounds "11"]
[EventCountry "SVK"]
[SourceTitle "EXT 2013"]
[Source "ChessBase"]
[SourceDate "2012.11.22"]
[SourceVersion "1"]
[SourceVersionDate "2012.11.22"]
[SourceQuality "1"]
[WhiteTeam "Zilina Mladost"]
[BlackTeam "Sabinov II"]
[WhiteTeamCountry "SVK"]
[BlackTeamCountry "SVK"]

1. e4 c5 2. c3 d5 3. exd5 Qxd5 4. d4 Nf6 5. Nf3 e6 6. Be2 cxd4 7. cxd4 Nc6 8. 0-0 Be7 9. Nc3 Qd6 10. Bg5 0-0 11. Qd2 Nd5 12. Ne4 Bxg5 13. Nexg5 h6 14. Ne4 Qb4 15. Rfd1 Qxd2 16. Rxd2 Nce7 17. Ne5 Rd8 18. a3 Bd7 19. Nc5 Bc8 20. Rc1 b6 21. Na6 Bb7 22. Bb5 Rac8 23. Rcd1 Nc7 24. Nxc7 Rxc7 25. f3 Bd5 26. Ba6 Bb3 27. Re1 Nf5 28. Rd3 Bd5 29. Rc3 Re7 30. Rd1 Ba8 31. g4 Nd6 32. Kf2 Ne8 33. Rdc1 Bd5 34. Rc8 Rxc8 35. Rxc8 Kh7 36. h4 Nd6 37. Rd8 Nb7 38. Rf8 f6 39. Bd3+ f5 40. gxf5 exf5 41. Bxf5+ g6 42. Nxg6 1-0

[Event "SVK-chT1E 1112"]
[Site "Slovakia"]
[Date "2011.12.11"]
[Round "6.3"]
[White "Lednicky, Martin"]
[Black "Harasta, Igor"]
[Result "0-1"]
[WhiteElo "2256"]
[BlackElo "2099"]
[PlyCount "76"]
[EventDate "2011.10.15"]
[EventType "team-tourn"]
[EventRounds "11"]
[EventCountry "SVK"]
[SourceTitle "EXT 2013"]
[Source "ChessBase"]
[SourceDate "2012.11.22"]
[SourceVersion "1"]
[SourceVersionDate "2012.11.22"]
[SourceQuality "1"]
[WhiteTeam "Rajecke Teplice"]
[BlackTeam "Zilina Mladost"]
[WhiteTeamCountry "SVK"]
[BlackTeamCountry "SVK"]

1. e4 c5 2. Nf3 d6 3. Bc4 e6 4. 0-0 Nc6 5. c3 Nf6 6. d3 Be7 7. Re1 0-0 8. Bb3 Re8 9. h3 b5 10. Nbd2 Qc7 11. Bc2 Bb7 12. Nf1 Rac8 13. g4 Ne5 14. N3h2 Ng6 15. f4 e5 16. g5 Nd7 17. f5 Nf4 18. Qg4 Bxg5 19. Kh1 h6 20. Ne3 Nf6 21. Qf3 d5 22. Neg4 N6h5 23. Rg1 c4 24. h4 cxd3 25. hxg5 dxe4 26. Qe3 hxg5 27. Bb3 d2 28. Bxd2 Red8 29. Bc2 Rxd2 30. Rgc1 Re2 31. Nf1 Rxe3 32. Nfxe3 Rd8 33. Rd1 Nd3 34. Bb3 Nxb2 35. Rxd8+ Qxd8 36. Nxe5 Nc4 37. Rd1 Qxd1+ 38. Bxd1 Ng3+ 0-1

[Event "SVK-chT1E 1112"]
[Site "Slovakia"]
[Date "2011.11.13"]
[Round "4.5"]
[White "Pekar, Karol"]
[Black "Harasta, Igor"]
[Result "1-0"]
[WhiteElo "2132"]
[BlackElo "2099"]
[PlyCount "89"]
[EventDate "2011.10.15"]
[EventType "team-tourn"]
[EventRounds "11"]
[EventCountry "SVK"]
[SourceTitle "EXT 2013"]
[Source "ChessBase"]
[SourceDate "2012.11.22"]
[SourceVersion "1"]
[SourceVersionDate "2012.11.22"]
[SourceQuality "1"]
[WhiteTeam "Liptov Chess School"]
[BlackTeam "Zilina Mladost"]
[WhiteTeamCountry "SVK"]
[BlackTeamCountry "SVK"]

1. d4 Nf6 2. Nc3 d5 3. Bg5 g6 4. Bxf6 exf6 5. e3 Bg7 6. Bd3 0-0 7. Qf3 c6 8. g4 Re8 9. 0-0-0 Nd7 10. Nge2 b5 11. Ng3 Nf8 12. Nce2 b4 13. Kb1 a5 14. Rhg1 a4 15. Nf5 b3 16. cxb3 axb3 17. axb3 Ba6 18. Nxg7 Kxg7 19. Nc1 Qa5 20. g5 f5 21. h4 Re4 22. h5 c5 23. hxg6 fxg6 24. Bxe4 dxe4 25. Qg3 f4 26. Qxf4 Bd3+ 27. Nxd3 exd3 28. Rxd3 Qa1+ 29. Kc2 Qxg1 30. Qe5+ Kf7 31. Qd5+ Ne6 32. Qxa8 Qxf2+ 33. Rd2 Qxe3 34. Qb7+ Kf8 35. Qc8+ Ke7 36. Qb7+ Kf8 37. Qb8+ Kf7 38. Qa7+ Kf8 39. dxc5 Qe4+ 40. Kc3 Qe5+ 41. Kc2 Qe4+ 42. Kc1 Qe1+ 43. Rd1 Qe3+ 44. Kb1 Qxg5 45. Rf1+ 1-0

[Event "SVK-chT1E 1011"]
[Site "Slovakia"]
[Date "2011.02.12"]
[Round "6.5"]
[White "Harasta, Igor"]
[Black "Kopnicky, Vladimir"]
[Result "0-1"]
[WhiteElo "2150"]
[BlackElo "2109"]
[PlyCount "68"]
[EventDate "2010.11.06"]
[EventType "team-tourn"]
[EventRounds "11"]
[EventCountry "SVK"]
[SourceTitle "EXT 2012"]
[Source "ChessBase"]
[SourceDate "2011.11.24"]
[SourceVersion "1"]
[SourceVersionDate "2011.11.24"]
[SourceQuality "1"]
[WhiteTeam "Zilina"]
[BlackTeam "Svit"]
[WhiteTeamCountry "SVK"]
[BlackTeamCountry "SVK"]

1. e4 d5 2. exd5 Nf6 3. Nf3 Nxd5 4. d4 g6 5. Be2 Bg7 6. 0-0 0-0 7. c3 Nc6 8. Bg5 h6 9. Bd2 Bg4 10. Na3 a6 11. Nc4 e6 12. Re1 Rb8 13. h3 Bxf3 14. Bxf3 b5 15. Ne5 Nxe5 16. dxe5 c6 17. Qe2 Qc7 18. Rad1 Rfd8 19. Qe4 c5 20. h4 c4 21. h5 g5 22. Bc1 Rd7 23. Rd4 Rbd8 24. Bd1 Ne7 25. Rxd7 Rxd7 26. Bc2 Kf8 27. f4 gxf4 28. Bxf4 Qc6 29. Qh7 Ng8 30. Re3 Qc5 31. Kh2 f5 32. Rg3 Qf2 33. Bxf5 Qxf4 34. Bxe6 Qxg3+ 0-1